| 000 | 00526nam a22002057a 4500 | ||
|---|---|---|---|
| 003 | LK-CoMWRAF | ||
| 005 | 20231025112841.0 | ||
| 008 | 231025b |||||||| |||| 00| 0 eng d | ||
| 020 | _a0590112589 | ||
| 040 |
_aLK-CoMWRAF _dLK-CoMWRAF _eLK-CoMWRAF |
||
| 041 | _aeng | ||
| 082 |
_a823 _bSTI |
||
| 100 | _aStine, R. L. | ||
| 245 |
_aGoosebumps : _bThe curse of camp cold lake |
||
| 260 |
_aLondon : _bHippo, _c1998 |
||
| 300 | _a116 p. ; 20 cm. | ||
| 650 | _aHorror tales | ||
| 650 | _aChildren's stories | ||
| 942 | _cBK | ||
| 999 |
_c3994 _d3994 |
||